Fidel Castro o utečencoch K prípadu čs. veľvyslanectva

Bibliographic Details
Format: Article
Language:Slovak
Subjects:

MARC

LEADER 00000nab a2200000 a 4500
001 vtls000386808
003 SK-MaSNL
005 20260311225104.0
008 160115c1990 xo 0 slo
015 |a SNBRB19rr/mm-uuuuu 
035 |a CL0386931 
040 |a SNKBUCL  |b slo  |c SNKBUCL  |e AACR2 
041 0 |a slo 
044 |a xo  |c SK 
080 |a 327(043.7:729.1)  |2 1981 
080 |a 327(729.1:437)  |2 1981 
080 |a 341.71  |2 1981 
245 0 0 |a Fidel Castro o utečencoch  |b K prípadu čs. veľvyslanectva 
650 0 7 |a zahraničná politika  |2 snkbucl  |9 971 
651 7 |a Československo  |2 snkbucl  |9 21376 
651 7 |a Kuba  |2 snkbucl  |9 17345 
655 7 |a články z novín a časopisov  |2 snkbucl  |9 267496 
773 0 |t Národná obroda  |g Roč. 1, č. 53 (16. 7. 1990), s. 7 
850 |a Slovenská národná knižnica v Martine  |a MTA001 
852 |a SNK  |b KIS3GCP 
958 |a RK 
958 |a CU 
992 |a RBX 
999 |c 3264781  |d 3266711